Acuarios / (Record no. 16266)

MARC details
000 -LEADER
fixed length control field 02382cam a2200517Ii 4500
001 - CONTROL NUMBER
control field sjds863349
003 - CONTROL NUMBER IDENTIFIER
control field sjds
005 - DATE AND TIME OF LATEST TRANSACTION
control field 20161003135438.0
008 - FIXED-LENGTH DATA ELEMENTS--GENERAL INFORMATION
fixed length control field 131118t20142014scua j 000 0 spa c
010 ## - LIBRARY OF CONGRESS CONTROL NUMBER
LC control number 2013044816
020 ## - INTERNATIONAL STANDARD BOOK NUMBER
International Standard Book Number 9781628552218 (trade paperback)
020 ## - INTERNATIONAL STANDARD BOOK NUMBER
International Standard Book Number 1628552212 (trade paperback)
035 ## - SYSTEM CONTROL NUMBER
System control number 815090
035 ## - SYSTEM CONTROL NUMBER
System control number (OCoLC)863632699
Canceled/invalid control number (OCoLC)923796015
035 ## - SYSTEM CONTROL NUMBER
System control number (OCoLC)ocn863632699
035 ## - SYSTEM CONTROL NUMBER
System control number 803136
035 ## - SYSTEM CONTROL NUMBER
System control number 815090
035 ## - SYSTEM CONTROL NUMBER
System control number 815090
040 ## - CATALOGING SOURCE
Original cataloging agency NJQ/DLC
Language of cataloging eng
Description conventions rda
Transcribing agency ZQP
Modifying agency DLC
-- BTCTA
-- OCLCQ
-- IFA
041 1# - LANGUAGE CODE
Language code of text/sound track or separate title spa
Language code of original eng
042 ## - AUTHENTICATION CODE
Authentication code pcc
049 ## - LOCAL HOLDINGS (OCLC)
Holding library IFAA
099 ## - LOCAL FREE-TEXT CALL NUMBER (OCLC)
Classification number 639.34
Filing suffix 2015
100 1# - MAIN ENTRY--PERSONAL NAME
Personal name Curtis, Jennifer Keats,
Relator term author.
240 10 - UNIFORM TITLE
Uniform title <a href="Aquariums.">Aquariums.</a>
Language of a work Spanish
245 10 - TITLE STATEMENT
Title Acuarios /
Statement of responsibility, etc. por Jennifer Keats Curtis con The Florida Aquarium, Georgia Aquarium, Monterey Bay Aquarium, National Aquarium, Shedd Aquarium, and Tennessee Aquarium.
260 ## - PUBLICATION, DISTRIBUTION, ETC. (IMPRINT)
Place of publication, distribution, etc. Mount Pleasant, SC :
Name of publisher, distributor, etc. Sylvan Dell Publishing,
Date of publication, distribution, etc. [2014]
264 #1 - PRODUCTION, PUBLICATION, DISTRIBUTION, MANUFACTURE, AND COPYRIGHT NOTICE
Place of production, publication, distribution, manufacture Mount Pleasant, SC :
Name of producer, publisher, distributor, manufacturer Sylvan Dell Publishing,
Date of production, publication, distribution, manufacture, or copyright notice [2014]
300 ## - PHYSICAL DESCRIPTION
Extent 1 volume (unpaged) :
Other physical details color illustrations ;
Dimensions 26 cm.
336 ## - CONTENT TYPE
Content type term text
Content type code txt
Source rdacontent
337 ## - MEDIA TYPE
Media type term unmediated
Media type code n
Source rdamedia
338 ## - CARRIER TYPE
Carrier type term volume
Carrier type code nc
Source rdacarrier
490 1# - SERIES STATEMENT
Series statement Animal helpers
500 ## - GENERAL NOTE
General note “Incluye 4 páginas de actividades para la enseñanza” – back cover.
520 ## - SUMMARY, ETC.
Summary, etc. "Where else could you stay dry while visiting aquatic animals from around the world? Only in an aquarium can you visit and learn about all these different local and exotic animals. Aquarium staff care for and teach about these animals, as well as work to conserve and protect threatened and endangered species. Follow this behind-the-scenes photographic journal as it leads you into the wondrous world of aquariums and the animal helpers who work there"--
Assigning source Provided by publisher.
521 1# - TARGET AUDIENCE NOTE
Target audience note 4-9.
526 0# - STUDY PROGRAM INFORMATION NOTE
Program name Accelerated Reader AR
Interest level LG
Reading level 4.4
Title point value 0.5
Public note 164409.
650 #0 - SUBJECT ADDED ENTRY--TOPICAL TERM
Topical term or geographic name as entry element Public aquariums
General subdivision Employees
Form subdivision Juvenile literature.
650 #0 - SUBJECT ADDED ENTRY--TOPICAL TERM
Topical term or geographic name as entry element Public aquariums
Form subdivision Juvenile literature.
650 #0 - SUBJECT ADDED ENTRY--TOPICAL TERM
Topical term or geographic name as entry element Aquarium animals
Form subdivision Juvenile literature.
650 #7 - SUBJECT ADDED ENTRY--TOPICAL TERM
Topical term or geographic name as entry element Acuarios ?pblicos
Form subdivision Literatura juvenil.
Source of heading or term bidex
650 #7 - SUBJECT ADDED ENTRY--TOPICAL TERM
Topical term or geographic name as entry element Acuarios ?pblicos
General subdivision Empleados
Form subdivision Literatura juvenil.
Source of heading or term bidex
650 #7 - SUBJECT ADDED ENTRY--TOPICAL TERM
Topical term or geographic name as entry element Animales de acuario
Form subdivision Literatura juvenil.
Source of heading or term bidex
800 1# - SERIES ADDED ENTRY--PERSONAL NAME
Personal name Curtis, Jennifer Keats.
Title of a work Animal helpers.
942 ## - ADDED ENTRY ELEMENTS (KOHA)
Source of classification or shelving scheme Dewey Decimal Classification
Koha item type Libro/Book
Holdings
Withdrawn status Lost status Source of classification or shelving scheme Damaged status Not for loan Home library Current library Date acquired Total Checkouts Barcode Date last seen Date checked out Price effective from Koha item type
    Dewey Decimal Classification     San Juan Del Sur -- Biblioteca San Juan Del Sur -- Biblioteca 11/11/2014 5 35200144 17/03/2017 16/03/2017 11/11/2014 Libro/Book

Powered by Koha